Songs That Start With S by Lyrics - Statistics

General Stats
  • This quiz has been taken 37 times
  • The average score is 8 of 15
Answer Stats
Artist Song Lyrics / Answer % Correct
Ed Sheeran I'm in love with the {shape} {of} {you} / We push and pull like a magnet, too
84%
Gotye, Kimbra I don't even need that, though / Now you're just {somebody} {that} {I} {used} {to} {know}
81%
The White Stripes I'm gonna fight 'em all / A {seven} {nation} {army} couldn't hold me back
78%
Shawn Mendes, Camila Cabello I love it when you call me {señorita} / I wish I could pretend I didn't need ya
75%
Eurythmics {Sweet} {dreams} are made of this / Who am I to disagree?
72%
Lady Gaga, Bradley Cooper Crash through the surface, where they can't hurt us / We're far from the {shallow} now
69%
Simon & Garfunkel And no-one dared / Disturb the {sound} {of} {silence}
59%
Clean Bandit, Zara Larsson I just wanna be part of your {symphony} / Will you hold me tight and not let go?
53%
Earth, Wind and Fire Ah-ah-ah / Ba-dee-ya, dancing in {September}
50%
The Chainsmokers, Coldplay Somebody I can kiss / Oh, I want {something} {just} {like} {this}
50%
Alessia Cara, Zedd All you gotta do is {stay} / A minute
44%
Saja Boys So refreshing / My little {soda} {pop}
25%
Alec Benjamin And there was someone else around / Yeah, I think his name was {Steve}
13%
TWICE Soon you're gonna be with me / My {strategy}, {strategy} will get ya, get ya, baby
9%
Black Gryph0n, Baasik I don't think that I died, I'm only half alive (yikes) / It's alright, I'll be fine, {stuck} {inside}
6%
No matching quizzes found
Score Distribution
Percent of People with Each Score
Percentile by Number Answered
Your Score History
You have not taken this quiz